| 000 | 00347 a2200133 4500 | ||
|---|---|---|---|
| 001 | 89116 | ||
| 082 | _aPR 843 | ||
| 090 |
_c42064 _d42064 |
||
| 100 | _aAkhtar Javaid | ||
| 245 | _aVibration analysis of an aircraft wing (using analog computer) | ||
| 260 |
_aKarachi _bNED _c1983 |
||
| 300 |
_a130p. _eMohammad Ismail |
||
| 500 | _aBE Project Reports | ||
| 942 |
_aCAE NUST _kPR 843 |
||
| 999 |
_c324189 _d324189 |
||